<?xml version="1.0" encoding="UTF-8"?><?xml-stylesheet type="text/xsl" href="static/style.xsl"?><OAI-PMH xmlns="http://www.openarchives.org/OAI/2.0/" xmlns:xsi="http://www.w3.org/2001/XMLSchema-instance" xsi:schemaLocation="http://www.openarchives.org/OAI/2.0/ http://www.openarchives.org/OAI/2.0/OAI-PMH.xsd"><responseDate>2026-04-27T14:38:06Z</responseDate><request verb="GetRecord" identifier="oai:uvadoc.uva.es:10324/80209" metadataPrefix="marc">https://uvadoc.uva.es/oai/request</request><GetRecord><record><header><identifier>oai:uvadoc.uva.es:10324/80209</identifier><datestamp>2025-12-02T20:01:06Z</datestamp><setSpec>com_10324_1163</setSpec><setSpec>com_10324_931</setSpec><setSpec>com_10324_894</setSpec><setSpec>col_10324_1326</setSpec></header><metadata><record xmlns="http://www.loc.gov/MARC21/slim" xmlns:doc="http://www.lyncode.com/xoai" xmlns:xsi="http://www.w3.org/2001/XMLSchema-instance" xmlns:dcterms="http://purl.org/dc/terms/" xsi:schemaLocation="http://www.loc.gov/MARC21/slim http://www.loc.gov/standards/marcxml/schema/MARC21slim.xsd">
<leader>00925njm 22002777a 4500</leader>
<datafield tag="042" ind1=" " ind2=" ">
<subfield code="a">dc</subfield>
</datafield>
<datafield tag="720" ind1=" " ind2=" ">
<subfield code="a">Pascual Chenel, Álvaro</subfield>
<subfield code="e">author</subfield>
</datafield>
<datafield tag="260" ind1=" " ind2=" ">
<subfield code="c">2024</subfield>
</datafield>
<datafield tag="520" ind1=" " ind2=" ">
<subfield code="a">Se presentan y estudian en este artículo algunas&#xd;
novedades e incorporaciones en la obra de&#xd;
Vicente Carducho y Eugenio Cajés, dos de los&#xd;
artistas cortesanos más importantes del primer&#xd;
tercio del siglo XVII. Especialmente referidas&#xd;
a dibujos, pero también algunas precisiones&#xd;
documentales y sobre pinturas que incrementan&#xd;
nuestro conocimiento de sus métodos de&#xd;
trabajo, así como el corpus de obras conocidas.</subfield>
</datafield>
<datafield tag="024" ind2=" " ind1="8">
<subfield code="a">Laboratorio de Arte, 2024, 36, pp. 89-110</subfield>
</datafield>
<datafield tag="024" ind2=" " ind1="8">
<subfield code="a">1130-5762</subfield>
</datafield>
<datafield tag="024" ind2=" " ind1="8">
<subfield code="a">https://uvadoc.uva.es/handle/10324/80209</subfield>
</datafield>
<datafield tag="024" ind2=" " ind1="8">
<subfield code="a">https://doi.org/10.12795/LA.2024.i36.04</subfield>
</datafield>
<datafield tag="245" ind1="0" ind2="0">
<subfield code="a">Apuntes sobre algunas novedades y precisiones en la obra de Vicente Carducho y Eugenio Cajés</subfield>
</datafield>
</record></metadata></record></GetRecord></OAI-PMH>